[Event "Ontario-ch U20"]
[Site "Mississauga CAN"]
[Date "2020.01.18"]
[Round "2.2"]
[White "Kumar, Sriram"]
[Black "Srinivas, Atharva"]
[Result "1-0"]
[WhiteElo "1905"]
[BlackElo "1862"]
[PlyCount "113"]
[EventDate "2020.01.18"]
[EventType "swiss"]
[EventRounds "5"]
[EventCountry "CAN"]

1. e4 e5 2. Nf3 Nc6 3. Bb5 a6 4. Ba4 Nf6 5. O-O Be7 6. Bxc6 dxc6 7. d3 Bd6 8.
Nbd2 O-O 9. Nc4 Re8 10. b3 Be6 11. Bb2 Bxc4 12. bxc4 Rb8 13. Re1 Nd7 14. c3 Nc5
15. Qc2 Qd7 16. d4 exd4 17. cxd4 Ne6 18. e5 Be7 19. Rad1 Nf4 20. g3 Qh3 21.
gxf4 Qxf3 22. Qe4 Qxe4 23. Rxe4 Rbd8 24. f5 Bf6 25. Rde1 Be7 26. R1e3 h6 27.
Rg3 b6 28. Rh3 Kh7 29. Bc1 Bf6 30. Kg2 c5 31. f3 cxd4 32. exf6 Rxe4 33. fxe4 d3
34. Bd2 gxf6 35. Bxh6 Kg8 36. Rg3+ Kh7 37. Bd2 Rd4 38. Kf3 Rxc4 39. Ke3 Ra4 40.
Kxd3 Rxa2 41. Kc3 b5 42. Rd3 c5 43. Kb3 Ra4 44. Rh3+ Kg8 45. Kb2 Rxe4 46. Bc3
Kg7 47. Rg3+ Kf8 48. Bxf6 Re2+ 49. Kc1 Rxh2 50. Ra3 Ke8 51. Rd3 Rh1+ 52. Kd2
Rh2+ 53. Ke1 Rh1+ 54. Kf2 Rh2+ 55. Kg1 Rd2 56. Rxd2 c4 57. Rd8# 1-0

[Event "Ontario-ch U20"]
[Site "Mississauga CAN"]
[Date "2020.01.18"]
[Round "2.3"]
[White "Ajith, Aayush"]
[Black "Papneja, Arul"]
[Result "0-1"]
[WhiteElo "1862"]
[BlackElo "1879"]
[PlyCount "38"]
[EventDate "2020.01.18"]
[EventType "swiss"]
[EventRounds "5"]
[EventCountry "CAN"]

1. d4 d5 2. c4 e6 3. Nc3 c5 4. cxd5 exd5 5. Nf3 Nf6 6. g3 Nc6 7. Bg2 cxd4 8.
Nxd4 Bc5 9. Nxc6 bxc6 10. O-O O-O 11. Qc2 Bb6 12. b3 Re8 13. Rd1 Bg4 14. Rd2
Qe7 15. Bb2 Rad8 16. Na4 Bxf2+ 17. Kxf2 Qe3+ 18. Kf1 Ne4 19. Bxe4 dxe4 0-1

[Event "Ontario-ch U20"]
[Site "Mississauga CAN"]
[Date "2020.01.18"]
[Round "3.2"]
[White "Sharma, Vishruth"]
[Black "Kumar, Sriram"]
[Result "0-1"]
[WhiteElo "1836"]
[BlackElo "1905"]
[PlyCount "80"]
[EventDate "2020.01.18"]
[EventType "swiss"]
[EventRounds "5"]
[EventCountry "CAN"]

1. e4 e5 2. Nf3 Nc6 3. Bb5 a6 4. Ba4 Nf6 5. O-O Be7 6. Re1 b5 7. Bb3 O-O 8. a4
Bb7 9. c3 d5 10. exd5 Nxd5 11. Nxe5 Nxe5 12. Rxe5 Nf4 13. d4 Nxg2 14. d5 Nh4
15. Re4 Qd7 16. Qg4 Qxg4+ 17. Rxg4 Rad8 18. axb5 axb5 19. c4 bxc4 20. Bxc4 Bxd5
21. Bxd5 Rxd5 22. Nc3 Rf5 23. Bf4 h5 24. Rxh4 Bxh4 25. Bg3 Bxg3 26. hxg3 Rb8
27. Nd1 Rd5 28. Kf1 g5 29. Ke2 Kg7 30. Ra6 Rbd8 31. Ne3 Rd2+ 32. Kf1 f6 33. b4
Rb2 34. Rc6 Rd7 35. Rc4 Kg6 36. f4 g4 37. Ke1 Re7 38. Rc3 Rxb4 39. Kd2 Rbe4 40.
Rd3 Rxe3 0-1

[Event "Ontario-ch U20"]
[Site "Mississauga CAN"]
[Date "2020.01.18"]
[Round "3.3"]
[White "Liu, Henry"]
[Black "Yuen, Noah"]
[Result "1/2-1/2"]
[WhiteElo "1955"]
[BlackElo "1957"]
[PlyCount "107"]
[EventDate "2020.01.18"]
[EventType "swiss"]
[EventRounds "5"]
[EventCountry "CAN"]

1. c4 e6 2. Nc3 d5 3. d4 Nf6 4. Nf3 dxc4 5. e3 a6 6. a4 c5 7. Bxc4 Nc6 8. O-O
cxd4 9. exd4 Be7 10. d5 exd5 11. Nxd5 Nxd5 12. Qxd5 Be6 13. Qxd8+ Nxd8 14. Bxe6
Nxe6 15. Be3 O-O 16. Rfd1 Rfd8 17. Bb6 Rxd1+ 18. Rxd1 Rc8 19. g3 Nf8 20. Rd3
Bf6 21. b3 Rc6 22. Be3 Ne6 23. Rd7 Rc7 24. Rxc7 Nxc7 25. Kf1 Kf8 26. Ke2 Ke7
27. Kd3 Ke6 28. Ng5+ Bxg5 29. Bxg5 Kd5 30. Be3 Ne6 31. b4 b5 32. axb5 axb5 33.
h3 f6 34. f3 Nd8 35. Bd2 Nf7 36. f4 Nd6 37. Be3 Ne4 38. g4 g6 39. Bg1 Nd6 40.
Bd4 f5 41. g5 Nc4 42. Bg7 Nb6 43. Bd4 Na4 44. Bg7 Nb6 45. Bd4 Nd7 46. Bg7 Nb8
47. Be5 Nc6 48. Bc3 Kd6 49. Bd2 Ke6 50. Be1 Kd7 51. Bc3 Ke7 52. Be1 Ke6 53. Bd2
Kf7 54. Bc3 1/2-1/2

[Event "Ontario-ch U20"]
[Site "Mississauga CAN"]
[Date "2020.01.19"]
[Round "4.2"]
[White "Kumar, Sriram"]
[Black "Papneja, Arul"]
[Result "0-1"]
[WhiteElo "1905"]
[BlackElo "1879"]
[PlyCount "68"]
[EventDate "2020.01.18"]
[EventType "swiss"]
[EventRounds "5"]
[EventCountry "CAN"]

1. e4 c5 2. Nf3 Nc6 3. d4 cxd4 4. Nxd4 Nf6 5. Nc3 e5 6. Ndb5 d6 7. Bg5 a6 8.
Na3 b5 9. Bxf6 gxf6 10. Nd5 Bg7 11. c4 f5 12. cxb5 Nd4 13. Rc1 Be6 14. Nc7+ Kf8
15. Nxa8 Qxa8 16. Bc4 Qxe4+ 17. Kf1 d5 18. Bd3 Qh4 19. b6 f4 20. Qe1 f3 21. h3
fxg2+ 22. Kxg2 Bf6 23. Qe3 Rg8+ 24. Qg3 Rxg3+ 25. fxg3 Qg5 26. Rhd1 Qe3 27. Nb1
Qf3+ 28. Kh2 Qf2+ 29. Kh1 Qf3+ 30. Kh2 Qf2+ 31. Kh1 Qxb2 32. Nc3 Bxh3 33. Rg1
Bg2+ 34. Kh2 Nf3# 0-1

[Event "Ontario-ch U20"]
[Site "Mississauga CAN"]
[Date "2020.01.19"]
[Round "4.3"]
[White "Ajith, Aayush"]
[Black "Yuen, Noah"]
[Result "1-0"]
[WhiteElo "1862"]
[BlackElo "1967"]
[PlyCount "83"]
[EventDate "2020.01.18"]
[EventType "swiss"]
[EventRounds "5"]
[EventCountry "CAN"]

1. d4 d5 2. c4 dxc4 3. Nf3 Nf6 4. e3 e6 5. Bxc4 a6 6. a3 b5 7. Be2 Bb7 8. b4
Be7 9. O-O Nbd7 10. Nbd2 Nb6 11. Qc2 O-O 12. Bb2 Na4 13. Rac1 Nd5 14. Nb3 Rc8
15. Rfd1 f5 16. Ne5 Bd6 17. Bf3 Bxe5 18. dxe5 Qg5 19. Kh1 c5 20. Nxc5 Nxc5 21.
bxc5 Qh6 22. Qb3 Bc6 23. Rc2 Rfd8 24. Rcd2 Re8 25. Rd4 g5 26. e4 fxe4 27. Bxe4
Nf4 28. Bxc6 Rxc6 29. Rd8 Rc8 30. Rxe8+ Rxe8 31. c6 Rc8 32. Rd6 Qg6 33. f3 Qb1+
34. Rd1 Qf5 35. Qc3 Nd5 36. Qc5 g4 37. fxg4 Qe4 38. Qd6 Nf4 39. Qd2 a5 40. c7
Qe2 41. Qxe2 Nxe2 42. Rd8+ 1-0

[Event "Ontario-ch U20"]
[Site "Mississauga CAN"]
[Date "2020.01.19"]
[Round "5.2"]
[White "Papneja, Arul"]
[Black "Liu, Henry"]
[Result "1-0"]
[WhiteElo "1879"]
[BlackElo "1955"]
[PlyCount "75"]
[EventDate "2020.01.18"]
[EventType "swiss"]
[EventRounds "5"]
[EventCountry "CAN"]

1. d4 Nf6 2. Nc3 d5 3. Bf4 a6 4. e3 Nc6 5. a3 Bf5 6. Bd3 Bg6 7. Nf3 e6 8. Qe2
Bd6 9. Bg3 Qe7 10. e4 dxe4 11. Nxe4 Nxe4 12. Bxe4 Bxe4 13. Qxe4 O-O-O 14. Bxd6
Qxd6 15. O-O-O h6 16. Ne5 Nxe5 17. Qxe5 Qxe5 18. dxe5 Rd5 19. Rxd5 exd5 20. Rd1
c6 21. Kd2 Kd7 22. f4 Ke6 23. Ke3 h5 24. g3 Re8 25. Re1 Kf5 26. Kf3 f6 27. exf6
Rg8 28. fxg7 Rxg7 29. Re5+ Kg6 30. Rg5+ Kh6 31. Rxg7 Kxg7 32. f5 Kf6 33. Kf4 c5
34. h3 b5 35. g4 b4 36. g5+ Kf7 37. Ke5 d4 38. axb4 1-0

[Event "Ontario-ch U20"]
[Site "Mississauga CAN"]
[Date "2020.01.19"]
[Round "5.3"]
[White "Ajith, Aayush"]
[Black "Kumar, Sriram"]
[Result "1-0"]
[WhiteElo "1862"]
[BlackElo "1905"]
[PlyCount "87"]
[EventDate "2020.01.18"]
[EventType "swiss"]
[EventRounds "5"]
[EventCountry "CAN"]

1. d4 Nf6 2. c4 g6 3. Nf3 Bg7 4. g3 O-O 5. Bg2 d6 6. Nc3 Bf5 7. Nh4 Bc8 8. O-O
Nc6 9. e4 e5 10. d5 Ne7 11. Nf3 Ne8 12. Ne1 f5 13. Nd3 Kh8 14. Be3 h6 15. f3 g5
16. Bf2 f4 17. c5 Nf6 18. cxd6 cxd6 19. Rc1 Bd7 20. Qb3 b6 21. Nb5 Bxb5 22.
Qxb5 Qe8 23. Qxe8 Rfxe8 24. Rc7 Bf8 25. Bh3 g4 26. Bxg4 fxg3 27. Bxg3 Nxg4 28.
fxg4 Rec8 29. Rfc1 Rxc7 30. Rxc7 Nc8 31. Nb4 b5 32. Nc6 Nb6 33. Rxa7 Rxa7 34.
Nxa7 Na4 35. Nxb5 Nxb2 36. Kg2 Kg7 37. Bh4 h5 38. Nc7 hxg4 39. Ne6+ Kf7 40.
Nxf8 Kxf8 41. Kg3 Kf7 42. Kxg4 Kg6 43. Be7 Nc4 44. a4 1-0

[Event "Ontario-ch U20 U1300"]
[Site "Mississauga CAN"]
[Date "2020.01.18"]
[Round "1.2"]
[White "Guo, Richard"]
[Black "Morin, Kuni"]
[Result "1-0"]
[WhiteElo "1249"]
[BlackElo "1060"]
[PlyCount "67"]
[EventDate "2020.01.18"]
[EventType "swiss"]
[EventRounds "5"]
[EventCountry "CAN"]

1. d4 Nf6 2. c4 e6 3. Nf3 Nc6 4. Bg5 Bb4+ 5. Nc3 Bxc3+ 6. bxc3 O-O 7. e3 h6 8.
Bh4 Qe7 9. Bd3 b6 10. O-O Bb7 11. e4 g5 12. Bg3 Nh5 13. d5 Na5 14. Qd2 Nxg3 15.
hxg3 c6 16. Rfe1 Ba6 17. Qe2 Rfe8 18. Qf1 Rac8 19. Rac1 Qa3 20. dxe6 dxe6 21.
Rc2 Qc5 22. Nd2 Re7 23. Nb3 Qa3 24. Nxa5 Qxa5 25. Rd1 Qc5 26. Qe2 Rd7 27. Rcd2
Rcc7 28. e5 b5 29. Bh7+ Kxh7 30. Rxd7 Rxd7 31. Rxd7 Kg7 32. Qf3 Qf8 33. Qf6+
Kh7 34. Rxf7+ 1-0

[Event "Ontario-ch U20 U1300"]
[Site "Mississauga CAN"]
[Date "2020.01.18"]
[Round "2.1"]
[White "Dehale, Siddhi"]
[Black "O'Neil, Eric"]
[Result "1/2-1/2"]
[WhiteElo "1172"]
[BlackElo "1068"]
[PlyCount "71"]
[EventDate "2020.01.18"]
[EventType "swiss"]
[EventRounds "5"]
[EventCountry "CAN"]

1. d4 Nf6 2. c4 e6 3. Nf3 d5 4. a3 c5 5. e3 Nc6 6. Nc3 Bd6 7. dxc5 Bxc5 8. b4
Bd6 9. Bb2 a5 10. b5 Ne5 11. cxd5 Nxf3+ 12. Qxf3 exd5 13. h3 O-O 14. Bd3 Be5
15. O-O Re8 16. Qe2 d4 17. exd4 Bh2+ 18. Kxh2 Rxe2 19. Bxe2 Bf5 20. Bf3 Rb8 21.
Rad1 g5 22. g4 Qd6+ 23. Kg1 Bg6 24. Rfe1 h5 25. gxh5 Bxh5 26. Bxh5 Nxh5 27. Ne4
Qg6 28. d5 Re8 29. Nc3 Rxe1+ 30. Rxe1 Nf4 31. Kh2 Qc2 32. Nd1 Nd3 33. Re8+ Kh7
34. Rh8+ Kg6 35. Rg8+ Kh7 36. Rh8+ 1/2-1/2

[Event "Ontario-ch U20 U1300"]
[Site "Mississauga CAN"]
[Date "2020.01.19"]
[Round "4.1"]
[White "Li, Triston"]
[Black "Guo, Richard"]
[Result "0-1"]
[WhiteElo "1154"]
[BlackElo "1249"]
[PlyCount "94"]
[EventDate "2020.01.18"]
[EventType "swiss"]
[EventRounds "5"]
[EventCountry "CAN"]

1. e4 c6 2. d4 d5 3. exd5 cxd5 4. Nf3 Nc6 5. Nc3 e6 6. Bf4 Nf6 7. Bb5 Bd7 8.
Bxc6 Bxc6 9. Ne5 Bd6 10. Nxc6 bxc6 11. Bxd6 Qxd6 12. O-O O-O 13. Na4 Nd7 14. c3
Rfe8 15. Re1 e5 16. Qc2 exd4 17. cxd4 Qb4 18. Rxe8+ Rxe8 19. h3 Qxd4 20. Qxc6
Nf6 21. Rc1 h6 22. b3 Re2 23. Qc5 Qxc5 24. Rxc5 Rxa2 25. Rc8+ Kh7 26. Ra8 Ra3
27. Rxa7 Rxb3 28. Rxf7 Rb1+ 29. Kh2 Rf1 30. f3 Rf2 31. Nc3 Rc2 32. Rxf6 d4 33.
Ne4 gxf6 34. Nxf6+ Kg6 35. Ne4 d3 36. Kg3 d2 37. Nxd2 Rxd2 38. Kh2 Kh5 39. Kg3
Kg5 40. h4+ Kf5 41. Kh2 Kf4 42. Kh3 h5 43. Kh2 Rd1 44. g4 hxg4 45. h5 Kxf3 46.
h6 g3+ 47. Kh3 Rh1# 0-1

[Event "Ontario-ch U20 U1300"]
[Site "Mississauga CAN"]
[Date "2020.01.19"]
[Round "5.1"]
[White "Guo, Richard"]
[Black "Falzy, Mohammed"]
[Result "0-1"]
[WhiteElo "1249"]
[BlackElo "1075"]
[PlyCount "118"]
[EventDate "2020.01.18"]
[EventType "swiss"]
[EventRounds "5"]
[EventCountry "CAN"]

1. d4 Nf6 2. c4 e6 3. Nc3 Bb4 4. Bg5 h6 5. Bh4 d5 6. e3 O-O 7. Qb3 Bxc3+ 8.
Qxc3 Nbd7 9. c5 Re8 10. Nf3 c6 11. Bd3 b6 12. b4 a5 13. bxa5 bxc5 14. Bxf6 Nxf6
15. Qxc5 Qxa5+ 16. Qxa5 Rxa5 17. Ne5 c5 18. dxc5 Rxc5 19. Kd2 Nd7 20. Nxd7 Bxd7
21. a4 Ra5 22. Rhb1 Rxa4 23. Rxa4 Bxa4 24. Bb5 Rb8 25. Bd3 Rxb1 26. Bxb1 Kf8
27. Kc3 Bb5 28. e4 Ke7 29. Kd4 Bc4 30. Bc2 Kd6 31. Bd1 e5+ 32. Kc3 Bf1 33. Bf3
d4+ 34. Kd2 Kc5 35. g3 Kc4 36. Bh5 g6 37. Bf3 Bd3 38. Bg2 Bb1 39. Bf1+ Kb3 40.
Bg2 d3 41. Bf1 Kc4 42. h4 Kd4 43. Bg2 Bc2 44. f3 f5 45. exf5 gxf5 46. h5 e4 47.
fxe4 fxe4 48. Bxe4 Kxe4 49. g4 Kf4 50. g5 Kxg5 51. Kc1 Kxh5 52. Kb2 Kg4 53. Kc1
h5 54. Kd2 h4 55. Ke3 h3 56. Kf2 d2 57. Kg1 d1=Q+ 58. Kh2 Qe2+ 59. Kh1 Qg2# 0-1

[Event "Ontario-ch U20 U1800"]
[Site "Mississauga CAN"]
[Date "2020.01.19"]
[Round "4.4"]
[White "Qian, Eric"]
[Black "Ajith, Aarush"]
[Result "0-1"]
[WhiteElo "1582"]
[BlackElo "1432"]
[PlyCount "62"]
[EventDate "2020.01.18"]
[EventType "swiss"]
[EventRounds "5"]
[EventCountry "CAN"]

1. e4 c5 2. Nf3 d6 3. d4 cxd4 4. Nxd4 Nf6 5. Nc3 a6 6. Bg5 e6 7. f4 Be7 8. Qf3
Qc7 9. O-O-O O-O 10. g4 Nbd7 11. h4 b5 12. h5 b4 13. Nce2 Bb7 14. Ng3 Rac8 15.
Rh2 Nc5 16. Bxf6 Bxf6 17. g5 Bxd4 18. Rxd4 e5 19. Rdd2 exf4 20. Qxf4 Rfe8 21.
Bg2 Nd3+ 22. Kb1 Nxf4 23. Bh1 Qb6 24. Rdf2 Qe3 25. b3 Qxg3 26. Rd2 d5 27. e5
Rxe5 28. a4 Re1+ 29. Ka2 Qc3 30. Rd1 Rxd1 31. Rh3 Qxc2# 0-1

[Event "Ontario-ch U20 U1800"]
[Site "Mississauga CAN"]
[Date "2020.01.19"]
[Round "5.4"]
[White "Ajith, Aarush"]
[Black "Hu, Alex"]
[Result "1-0"]
[WhiteElo "1432"]
[BlackElo "1521"]
[PlyCount "47"]
[EventDate "2020.01.18"]
[EventType "swiss"]
[EventRounds "5"]
[EventCountry "CAN"]

1. d4 f5 2. e4 fxe4 3. Nc3 Nf6 4. Bg5 g6 5. Bxf6 exf6 6. Nxe4 Bg7 7. Nf3 O-O 8.
Be2 Nc6 9. O-O f5 10. Nc3 b6 11. Bc4+ Kh8 12. Re1 Na5 13. Bb3 Nxb3 14. axb3 d5
15. Ne5 f4 16. Qf3 Bb7 17. Qh3 Kg8 18. Qe6+ Kh8 19. Nf7+ Rxf7 20. Qxf7 Qd6 21.
Re7 Rg8 22. Rae1 h5 23. Re8 Rxe8 24. Rxe8+ 1-0

[Event "Pere Noel Online"]
[Site "Chess.com"]
[Date "2020.12.27"]
[Round "1"]
[White "Dube, Dominic"]
[Black "Saha, Ananda"]
[Result "0-1"]
[WhiteElo "1486"]
[BlackElo "2093"]
[PlyCount "70"]
[EventDate "2020.12.27"]
[EventType "swiss"]
[EventRounds "6"]
[EventCountry "CAN"]

1. e4 e6 2. d4 d5 3. Nc3 Nf6 4. e5 Nfd7 5. f4 c5 6. Nf3 Nc6 7. Be2 cxd4 8. Nxd4
Nxd4 9. Qxd4 Bc5 10. Qd3 a6 11. Be3 Qb6 12. Nd1 Bxe3 13. Qxe3 Nc5 14. O-O Bd7
15. b3 Bc6 16. Kh1 O-O-O 17. Qd4 g6 18. Nb2 Na4 19. Qxb6 Nxb6 20. Rad1 Bb5 21.
Bd3 h5 22. a4 Bc6 23. Kg1 h4 24. h3 Kc7 25. c4 dxc4 26. Nxc4 Nxc4 27. Bxc4 b5
28. axb5 axb5 29. Be2 Kb6 30. b4 Bd5 31. Kf2 Ra8 32. Rd2 Rhc8 33. Rfd1 Ra4 34.
Rd4 Rc2 35. Kg1 Rxe2 0-1

[Event "Pere Noel Online"]
[Site "Chess.com"]
[Date "2020.12.27"]
[Round "1"]
[White "Fundaro, Jean-Pierre"]
[Black "Mitrabha, Guha"]
[Result "0-1"]
[WhiteElo "1726"]
[BlackElo "2595"]
[PlyCount "62"]
[EventDate "2020.12.27"]
[EventType "swiss"]
[EventRounds "6"]
[EventCountry "CAN"]

1. e4 c6 2. d4 d5 3. e5 Bf5 4. Nf3 e6 5. Be2 Ne7 6. O-O c5 7. c3 Nec6 8. a3 Nd7
9. Re1 Rc8 10. Nbd2 cxd4 11. cxd4 Na5 12. Nf1 Bc2 13. Qd2 Nb3 14. Qe3 Nxa1 15.
N1d2 Bg6 16. Bd3 Nc2 17. Bxc2 Rxc2 18. Nb1 Rc8 19. Nc3 Be7 20. Ne2 Nb6 21. Nd2
Bg5 22. f4 Be7 23. g4 Nc4 24. Nxc4 Rxc4 25. Ng3 Bh4 26. Rf1 Bxg3 27. hxg3 Be4
28. f5 Rc2 29. Bd2 Qb6 30. fxe6 Qxe6 31. Qf4 O-O 0-1

[Event "Pere Noel Online"]
[Site "Chess.com"]
[Date "2020.12.27"]
[Round "1"]
[White "Huang, Qiuyu"]
[Black "Adam, Rafael"]
[Result "1-0"]
[WhiteElo "2090"]
[BlackElo "1891"]
[PlyCount "131"]
[EventDate "2020.12.27"]
[EventType "swiss"]
[EventRounds "6"]
[EventCountry "CAN"]

1. e4 e5 2. Nf3 Nc6 3. Bc4 Bc5 4. d3 h6 5. c3 d6 6. Bb3 Nf6 7. O-O O-O 8. h3 a6
9. Re1 Ba7 10. Nbd2 Re8 11. Nf1 Ne7 12. d4 Ng6 13. Ng3 Bd7 14. Bc2 Qc8 15. Be3
Bc6 16. Nd2 Kh7 17. Nh5 Qd8 18. Qf3 Nxh5 19. Qxh5 Qh4 20. Qf5 Qe7 21. Qh5 Qh4
22. Qf5 Qe7 23. g3 Bd7 24. Qh5 Qf6 25. Nf3 Kg8 26. Kg2 Bc6 27. Qg4 Rad8 28.
dxe5 Nxe5 29. Nxe5 Bxe3 30. Nxc6 Qxf2+ 31. Kh1 bxc6 32. Re2 h5 33. Rxf2 hxg4
34. Re2 Bg5 35. h4 Bf6 36. Ba4 Re5 37. Bxc6 Rc5 38. Ba4 Ra5 39. Bb3 Re8 40. Rd1
Rae5 41. Bd5 Rb8 42. Kg2 Rb6 43. Bc4 Re8 44. Rf1 Reb8 45. Rff2 a5 46. a4 Re8
47. h5 Re5 48. h6 Re7 49. Rf1 Be5 50. Ref2 Bf6 51. b3 Bxc3 52. Rxf7 Rxf7 53.
Rxf7 gxh6 54. Rf3+ Kg7 55. Rxc3 Rc6 56. Rd3 Rc5 57. Rd5 Rc6 58. Rxa5 Kf6 59.
Rf5+ Kg6 60. a5 d5 61. Rxd5 Rf6 62. a6 Rf8 63. a7 Ra8 64. Ra5 c6 65. e5 Kf5 66.
Ba6 1-0

[Event "Pere Noel Online"]
[Site "Chess.com"]
[Date "2020.12.27"]
[Round "1"]
[White "Jacobs, Jon"]
[Black "Kot, Emanuel"]
[Result "1-0"]
[WhiteElo "2159"]
[BlackElo "1883"]
[PlyCount "107"]
[EventDate "2020.12.27"]
[EventType "swiss"]
[EventRounds "6"]
[EventCountry "CAN"]

1. e4 c5 2. d4 cxd4 3. c3 dxc3 4. Nxc3 d6 5. Nf3 Nc6 6. Bc4 e6 7. O-O Be7 8.
Qe2 a6 9. Rd1 b5 10. Bb3 Qc7 11. Bf4 Nf6 12. Rac1 e5 13. Nd5 Nxd5 14. exd5 exf4
15. Rxc6 Qd8 16. Re1 Ra7 17. Nd4 O-O 18. Rxc8 Qxc8 19. Nc6 Rc7 20. Nxe7+ Rxe7
21. Qxe7 Qc5 22. Qe4 g6 23. Qxf4 a5 24. Rc1 Qb6 25. Rc6 Re8 26. g3 Qd8 27. Rxd6
Qc8 28. Kg2 a4 29. Bd1 Qc5 30. Bf3 Qc2 31. Qf6 Qc7 32. Rc6 Qd7 33. d6 Re6 34.
Qc3 Rxd6 35. Rc8+ Qd8 36. Qc7 Qxc8 37. Qxc8+ Kg7 38. Qc5 Re6 39. Qxb5 a3 40.
bxa3 h5 41. h4 g5 42. Qxg5+ Kf8 43. a4 f6 44. Qg6 Ke7 45. a5 Re5 46. a6 Ra5 47.
a7 Rxa7 48. Qg7+ Ke6 49. Qxa7 Ke5 50. Qc5+ Ke6 51. Bd5+ Ke5 52. Bf7+ Ke4 53.
Bg6+ f5 54. Bxf5# 1-0

[Event "Pere Noel Online"]
[Site "Chess.com"]
[Date "2020.12.27"]
[Round "1"]
[White "Laroche, Hugo"]
[Black "Lynch, Jonathan"]
[Result "1-0"]
[WhiteElo "1804"]
[BlackElo "1790"]
[PlyCount "121"]
[EventDate "2020.12.27"]
[EventType "swiss"]
[EventRounds "6"]
[EventCountry "CAN"]

1. d4 d6 2. Bf4 Nf6 3. Nf3 Nbd7 4. e3 h6 5. h3 c6 6. c3 g5 7. Bg3 Ne4 8. Nbd2
Nxg3 9. fxg3 e5 10. Bc4 d5 11. Bb3 e4 12. Ng1 Bd6 13. Ne2 Qc7 14. O-O Bxg3 15.
c4 Nb6 16. Rc1 Be6 17. cxd5 Nxd5 18. Bxd5 Bxd5 19. Nc3 Qd7 20. Ndxe4 Bxe4 21.
Nxe4 Qc7 22. Qf3 Bd6 23. Qxf7+ Qxf7 24. Nxd6+ Ke7 25. Nxf7 Rh7 26. Ne5 Rg7 27.
Rf2 Rf8 28. Rxf8 Kxf8 29. Rc3 Ke7 30. Ra3 a6 31. Rb3 Ke6 32. g4 c5 33. Nf3 c4
34. Rc3 b5 35. a4 Kd5 36. axb5 axb5 37. b3 Ke4 38. Nd2+ Kd5 39. bxc4+ bxc4 40.
Rxc4 Ra7 41. Rc5+ Kd6 42. Ne4+ Kd7 43. Kf2 Ra2+ 44. Kf3 Rh2 45. Nf2 Kd6 46. Kg3
Rxf2 47. Kxf2 Ke6 48. e4 Kf6 49. Rc6+ Kg7 50. d5 Kf7 51. d6 Ke6 52. e5 Kxe5 53.
d7 Kd5 54. Rxh6 Ke5 55. d8=Q Kf4 56. Rf6+ Ke4 57. Qe7+ Kd4 58. Rd6+ Kc4 59.
Qc7+ Kb4 60. Rb6+ Ka4 61. Qa7# 1-0

[Event "Pere Noel Online"]
[Site "Chess.com"]
[Date "2020.12.27"]
[Round "1"]
[White "Magner, Wilhelm"]
[Black "Tanaka, Tyler"]
[Result "0-1"]
[WhiteElo "1987"]
[BlackElo "2410"]
[PlyCount "78"]
[EventDate "2020.12.27"]
[EventType "swiss"]
[EventRounds "6"]
[EventCountry "CAN"]

1. d4 Nf6 2. Bf4 g6 3. Nc3 d5 4. e3 Bg7 5. h4 h5 6. Nf3 Bg4 7. Be2 Bxf3 8. Bxf3
c6 9. g4 hxg4 10. Bxg4 Nxg4 11. Qxg4 Nd7 12. Qg3 Nf6 13. Be5 Nh5 14. Qh2 Qd7
15. Bxg7 Nxg7 16. Qe5 Rh7 17. O-O-O O-O-O 18. Rd3 Nf5 19. e4 dxe4 20. Nxe4 Qd5
21. Qxd5 Rxd5 22. Ng5 Rxh4 23. Rxh4 Nxh4 24. Nf3 Nf5 25. c3 f6 26. Kd2 Nd6 27.
b3 Rf5 28. Ke2 g5 29. c4 Kd7 30. Nh2 Rf4 31. Nf3 Ne4 32. Re3 Nxf2 33. Kxf2 g4
34. Kg3 Rxf3+ 35. Rxf3 gxf3 36. Kxf3 Kd6 37. Kf4 Ke6 38. b4 b5 39. d5+ cxd5 0-1

[Event "Pere Noel Online"]
[Site "Chess.com"]
[Date "2020.12.27"]
[Round "1"]
[White "Sowa, Ryan"]
[Black "Dube, Daniel"]
[Result "1-0"]
[WhiteElo "1069"]
[BlackElo "1670"]
[PlyCount "67"]
[EventDate "2020.12.27"]
[EventType "swiss"]
[EventRounds "6"]
[EventCountry "CAN"]

1. Nf3 Nf6 2. c4 c5 3. Nc3 d5 4. cxd5 Nxd5 5. e3 Nxc3 6. bxc3 g6 7. Ba3 b6 8.
Ne5 Nd7 9. Nxf7 Kxf7 10. Qf3+ Nf6 11. Qxa8 Qc7 12. Bb5 Bg7 13. Qc6 Qd8 14. Bc4+
e6 15. d4 cxd4 16. cxd4 Bd7 17. Qb7 b5 18. Bxe6+ Kxe6 19. O-O Qa5 20. Bc5 Rc8
21. e4 Rc7 22. Qb8 Rc8 23. Qd6+ Kf7 24. e5 Rd8 25. Qe7+ Kg8 26. exf6 Bf8 27.
f7+ Kh8 28. Qe5+ Bg7 29. Qd6 Bf8 30. Qf4 Kg7 31. Rfe1 Bxc5 32. dxc5 Qa4 33.
Qe5+ Kh6 34. Qe7 1-0

[Event "Pere Noel Online"]
[Site "Chess.com"]
[Date "2020.12.27"]
[Round "1"]
[White "Stojanovski, Sandi"]
[Black "Zhe, Jia"]
[Result "1-0"]
[WhiteElo "2066"]
[BlackElo "1700"]
[PlyCount "109"]
[EventDate "2020.12.27"]
[EventType "swiss"]
[EventRounds "6"]
[EventCountry "CAN"]

1. c4 e6 2. d4 d5 3. Nc3 c6 4. Nf3 dxc4 5. g3 f5 6. Ne5 Nf6 7. Bg2 Bd6 8. Nxc4
O-O 9. Nxd6 Qxd6 10. O-O Rd8 11. Qb3 Na6 12. Bf4 Qb4 13. Qxb4 Nxb4 14. Rad1
Nbd5 15. Bg5 Kf7 16. f3 h6 17. Bc1 b6 18. e4 Nxc3 19. bxc3 Ba6 20. Rfe1 Rac8
21. exf5 exf5 22. Re5 Bc4 23. a3 c5 24. Rxf5 cxd4 25. cxd4 Bd5 26. Bd2 Rc2 27.
Re5 a5 28. h4 Ra2 29. g4 Bb3 30. Rb1 a4 31. Bb4 Rxd4 32. Re7+ Kg8 33. Rc1 Rc4
34. Rxc4 Bxc4 35. g5 hxg5 36. hxg5 Nd5 37. Re4 b5 38. g6 Re2 39. Rxe2 Bxe2 40.
Bd6 Bc4 41. f4 Ne3 42. Be4 Ng4 43. f5 Nf6 44. Bc2 Nd5 45. Kf2 Bb3 46. Be4 Nf6
47. Bb1 Bd5 48. Ke3 Bc4 49. Kd4 Ng4 50. Be4 Nf6 51. Bc6 Nh5 52. Kc5 Nf6 53. Be7
Nh5 54. Bxb5 Ng3 55. Bxc4+ 1-0

[Event "Pere Noel Online"]
[Site "Chess.com"]
[Date "2020.12.27"]
[Round "2"]
[White "Adam, Rafael"]
[Black "Magner, Wilhelm"]
[Result "1-0"]
[WhiteElo "1911"]
[BlackElo "1977"]
[PlyCount "85"]
[EventDate "2020.12.27"]
[EventType "swiss"]
[EventRounds "6"]
[EventCountry "CAN"]

1. d4 d5 2. c4 e6 3. Nc3 Nf6 4. cxd5 exd5 5. Bg5 c6 6. e3 Bf5 7. Bd3 Bxd3 8.
Qxd3 Be7 9. Nf3 O-O 10. O-O Nbd7 11. Rab1 Ne4 12. Bf4 f5 13. h3 a5 14. Ne5 Nxe5
15. Bxe5 Bd6 16. f4 Qe7 17. Nxe4 fxe4 18. Qd2 Rf7 19. Kh2 Qd8 20. Qc1 Rc8 21.
Qd1 Qd7 22. Qa4 Rff8 23. a3 Ra8 24. Qc2 Qe7 25. Qd2 Qd7 26. Rfc1 Rf7 27. b4
axb4 28. axb4 Rc8 29. Qe2 Rff8 30. Rc2 Qe7 31. Qe1 Ra8 32. Rcb2 Ra4 33. Qc3
Rfa8 34. b5 Rc4 35. Qb3 Ra3 36. Qd1 Rxe3 37. bxc6 bxc6 38. Qh5 Bxe5 39. fxe5 g6
40. Rb8+ Kg7 41. Qg4 Qa3 42. R1b7+ Kh6 43. Qh4# 1-0

[Event "Pere Noel Online"]
[Site "Chess.com"]
[Date "2020.12.27"]
[Round "2"]
[White "Dube, Daniel"]
[Black "Latorre, Vincent"]
[Result "0-1"]
[WhiteElo "1662"]
[BlackElo "1983"]
[PlyCount "76"]
[EventDate "2020.12.27"]
[EventType "swiss"]
[EventRounds "6"]
[EventCountry "CAN"]

1. d4 Nf6 2. Nf3 g6 3. Bg5 Bg7 4. Nbd2 d6 5. c3 c5 6. e3 O-O 7. Be2 b6 8. O-O
Bb7 9. a4 cxd4 10. exd4 a6 11. h3 Re8 12. Qb3 Qc7 13. Nc4 Nbd7 14. Ncd2 e5 15.
dxe5 dxe5 16. Bc4 Nc5 17. Qa3 Rad8 18. Rfd1 Ne6 19. Bxe6 Rxe6 20. Nf1 Ree8 21.
Rxd8 Qxd8 22. Ne3 Qa8 23. Nd2 Nd5 24. Ng4 Nf4 25. f3 Bd5 26. Qb4 Qb8 27. Re1
Nd3 28. Qa3 Nxe1 29. Nf6+ Bxf6 30. Bxf6 Qc8 31. c4 Bb7 32. Kf1 Qf5 33. Bh4 Nc2
34. Qb3 Nd4 35. Qxb6 Qd3+ 36. Kg1 Qxd2 37. Qxb7 Ne2+ 38. Kh2 Nf4 0-1